[Event "Girls U12 Polish Youth Championship"]
[Site "chess24.com"]
[Date "2018.04.30"]
[Round "2"]
[White "Maslewska, Anna"]
[Black "Mazurek, Maja"]
[Result "0-1"]
[Board "19"]
[WhiteElo "1124"]
[WhiteCountry "POL"]
[WhiteFideId "21839581"]
[WhiteEloChange "-7"]
[BlackElo "1233"]
[BlackCountry "POL"]
[BlackFideId "21836426"]
[BlackEloChange "7"]

1. e4 {[%clk 1:30:57]} d5 {[%clk 1:30:54]} 2. exd5 {[%clk 1:30:54]} Qxd5 {[%clk
1:31:17]} 3. Nc3 {[%clk 1:30:55]} Qd6 {[%clk 1:31:40]} 4. Bc4 {[%clk 1:28:37]}
Nf6 {[%clk 1:30:07]} 5. d3 {[%clk 1:27:11]} Bg4 {[%clk 1:29:31]} 6. f3 {[%clk
1:23:51]} Bf5 {[%clk 1:29:13]} 7. Be3 {[%clk 1:22:08]} c6 {[%clk 1:28:02]} 8. Qd2
{[%clk 1:19:59]} e6 {[%clk 1:26:23]} 9. Nge2 {[%clk 1:17:53]} Qc7 {[%clk
1:26:06]} 10. Bf4 {[%clk 1:16:37]} Bd6 {[%clk 1:26:04]} 11. Bxd6 {[%clk 1:16:19]}
Qxd6 {[%clk 1:26:18]} 12. Ng3 {[%clk 1:16:21]} Bg6 {[%clk 1:25:24]} 13. O-O
{[%clk 1:16:03]} Nbd7 {[%clk 1:24:14]} 14. Nge4 {[%clk 1:14:44]} Qc7 {[%clk
1:24:17]} 15. Rf2 {[%clk 1:09:12]} O-O {[%clk 1:21:37]} 16. Ne2 {[%clk 1:04:50]}
Bxe4 {[%clk 1:19:36]} 17. fxe4 {[%clk 1:04:27]} Ng4 {[%clk 1:19:47]} 18. Rf4
{[%clk 1:01:02]} Qb6+ {[%clk 1:19:37]} 19. d4 {[%clk 0:54:56]} Qxb2 {[%clk
1:17:10]} 20. Raf1 {[%clk 0:50:11]} Ngf6 {[%clk 1:17:17]} 21. e5 {[%clk 0:48:54]}
Nd5 {[%clk 1:17:07]} 22. Bxd5 {[%clk 0:47:51]} cxd5 {[%clk 1:16:34]} 23. Rg4
{[%clk 0:44:01]} f6 {[%clk 1:10:56]} 24. Qh6 {[%clk 0:40:49]} Rf7 {[%clk
1:09:52]} 25. exf6 {[%clk 0:40:46]} g6 {[%clk 1:09:56]} 26. Rh4 {[%clk 0:37:41]}
Qb6 {[%clk 1:08:56]} 27. Kh1 {[%clk 0:36:59]} Qd8 {[%clk 1:07:46]} 28. Kg1 {[%clk
0:33:05]} Qf8 {[%clk 1:07:34]} 29. Qg5 {[%clk 0:32:07]} Nxf6 {[%clk 1:05:28]} 30.
Rhf4 {[%clk 0:29:36]} Ne4 {[%clk 1:02:34]} 31. Qe5 {[%clk 0:28:37]} Rxf4 {[%clk
1:02:45]} 32. Rxf4 {[%clk 0:28:19]} Qe7 {[%clk 1:02:26]} 33. c4 {[%clk 0:24:56]}
Qd7 {[%clk 0:57:46]} 34. cxd5 {[%clk 0:23:28]} exd5 {[%clk 0:57:48]} 35. Rf3
{[%clk 0:22:09]} Qd6 {[%clk 0:55:17]} 36. Qxd6 {[%clk 0:21:19]} Nxd6 {[%clk
0:55:36]} 37. Nc3 {[%clk 0:21:34]} Nf5 {[%clk 0:55:18]} 38. Nb5 {[%clk 0:19:45]}
Re8 {[%clk 0:50:28]} 39. Rf4 {[%clk 0:18:54]} a6 {[%clk 0:48:44]} 40. Nc7 {[%clk
0:19:08]} Re1+ {[%clk 0:46:33]} 41. Kf2 {[%clk 0:17:28]} Ra1 {[%clk 0:46:25]} 42.
Nxd5 {[%clk 0:16:53]} Rxa2+ {[%clk 0:46:42]} 43. Kf3 {[%clk 0:17:14]} Rd2 {[%clk
0:46:40]} 44. Nf6+ {[%clk 0:16:24]} Kg7 {[%clk 0:46:34]} 45. Ne8+ {[%clk
0:16:35]} Kf7 {[%clk 0:46:40]} 46. Nd6+ {[%clk 0:16:41]} Ke6 {[%clk 0:45:19]} 47.
Nxb7 {[%clk 0:16:40]} Kd5 {[%clk 0:44:07]} 48. Nc5 {[%clk 0:14:19]} Nxd4+ {[%clk
0:42:03]} 49. Ke3 {[%clk 0:13:47]} Re2+ {[%clk 0:42:13]} 50. Kd3 {[%clk 0:13:55]}
Kxc5 {[%clk 0:42:34]} 51. Rxd4 {[%clk 0:14:04]} Rxg2 {[%clk 0:42:53]} 52. Rh4
{[%clk 0:14:03]} h5 {[%clk 0:42:59]} 53. Kc3 {[%clk 0:14:13]} a5 {[%clk 0:41:08]}
54. Kb3 {[%clk 0:14:14]} Kb5 {[%clk 0:41:14]} 55. Ka3 {[%clk 0:14:22]} Rg4 {[%clk
0:40:45]} 56. Rh3 {[%clk 0:14:29]} Rg2 {[%clk 0:40:13]} 57. Rh4 {[%clk 0:14:26]}
Kb6 {[%clk 0:38:21]} 58. Rh3 {[%clk 0:14:45]} Kb5 {[%clk 0:37:59]} 59. Rh4 {[%clk
0:15:02]} Rg4 {[%clk 0:38:12]} 60. Rh3 {[%clk 0:15:10]} a4 {[%clk 0:37:57]} 61.
Kb2 {[%clk 0:13:32]} Kb4 {[%clk 0:37:43]} 62. Ka2 {[%clk 0:13:49]} h4 {[%clk
0:37:16]} 63. Kb2 {[%clk 0:13:56]} g5 {[%clk 0:37:36]} 64. Ka2 {[%clk 0:14:13]}
a3 {[%clk 0:37:34]} 65. Rb3+ {[%clk 0:14:15]} Kc4 {[%clk 0:37:05]} 66. Rh3 {[%clk
0:14:32]} Kd4 {[%clk 0:37:09]} 67. Kxa3 {[%clk 0:14:45]} Ke4 {[%clk 0:37:31]} 68.
Kb2 {[%clk 0:15:00]} Rg2+ {[%clk 0:37:29]} 69. Kc3 {[%clk 0:15:12]} Kf4 {[%clk
0:37:54]} 70. Kd3 {[%clk 0:15:11]} Kg4 {[%clk 0:37:56]} 71. Re3 {[%clk 0:15:20]}
Rxh2 {[%clk 0:38:19]} 72. Re4+ {[%clk 0:15:44]} Kf5 {[%clk 0:36:51]} 73. Re3
{[%clk 0:15:49]} g4 {[%clk 0:36:58]} 0-1

[Event "Girls U12 Polish Youth Championship"]
[Site "chess24.com"]
[Date "2018.04.30"]
[Round "2"]
[White "Wiecek, Karolina"]
[Black "Karys, Katarzyna"]
[Result "1/2-1/2"]
[Board "20"]
[WhiteElo "1221"]
[WhiteCountry "POL"]
[WhiteFideId "1198440"]
[WhiteEloChange "-4"]
[BlackElo "1084"]
[BlackCountry "POL"]
[BlackFideId "21834253"]
[BlackEloChange "4"]

1. e4 {[%clk 1:30:57]} e5 {[%clk 1:30:55]} 2. Nf3 {[%clk 1:31:19]} Nc6 {[%clk
1:31:17]} 3. Bc4 {[%clk 1:31:20]} Nf6 {[%clk 1:31:31]} 4. d4 {[%clk 1:31:12]}
exd4 {[%clk 1:31:13]} 5. e5 {[%clk 1:30:41]} d5 {[%clk 1:29:35]} 6. Bb5 {[%clk
1:28:06]} Ne4 {[%clk 1:27:28]} 7. Nxd4 {[%clk 1:26:51]} Bd7 {[%clk 1:22:51]} 8.
Bxc6 {[%clk 1:27:02]} Bxc6 {[%clk 1:22:53]} 9. Nxc6 {[%clk 1:25:53]} bxc6 {[%clk
1:22:40]} 10. Be3 {[%clk 1:24:00]} Be7 {[%clk 1:21:34]} 11. O-O {[%clk 1:23:47]}
O-O {[%clk 1:21:29]} 12. f3 {[%clk 1:23:28]} Ng5 {[%clk 1:18:44]} 13. f4 {[%clk
1:23:31]} Ne4 {[%clk 1:18:35]} 14. Nd2 {[%clk 1:23:20]} Bc5 {[%clk 1:09:43]} 15.
Re1 {[%clk 1:15:13]} Bxe3+ {[%clk 1:05:17]} 16. Rxe3 {[%clk 1:15:12]} Qb8 {[%clk
0:55:54]} 17. Rb3 {[%clk 1:14:21]} Qd8 {[%clk 0:55:36]} 18. Nxe4 {[%clk 1:14:23]}
dxe4 {[%clk 0:55:54]} 19. Re3 {[%clk 1:04:45]} f5 {[%clk 0:48:12]} 20. Re1 {[%clk
1:04:56]} Qxd1 {[%clk 0:44:55]} 21. Raxd1 {[%clk 1:05:08]} Rfd8 {[%clk 0:44:12]}
22. Kf2 {[%clk 1:04:58]} Rd5 {[%clk 0:43:59]} 23. Rxd5 {[%clk 1:04:47]} cxd5
{[%clk 0:44:03]} 24. Rd1 {[%clk 1:05:06]} c6 {[%clk 0:44:17]} 25. Rd4 {[%clk
1:05:27]} Rb8 {[%clk 0:43:59]} 26. b4 {[%clk 1:04:05]} Rb6 {[%clk 0:43:39]} 27.
a4 {[%clk 1:03:31]} a6 {[%clk 0:41:32]} 28. c3 {[%clk 1:01:03]} a5 {[%clk
0:40:12]} 29. Ke2 {[%clk 0:59:41]} axb4 {[%clk 0:39:42]} 30. Rxb4 {[%clk
0:58:26]} Ra6 {[%clk 0:39:19]} 31. c4 {[%clk 0:46:04]} d4 {[%clk 0:37:00]} 32. c5
{[%clk 0:46:07]} d3+ {[%clk 0:36:54]} 33. Ke3 {[%clk 0:46:30]} Ra5 {[%clk
0:36:41]} 34. Rc4 {[%clk 0:41:18]} Kf7 {[%clk 0:36:47]} 35. h3 {[%clk 0:35:11]}
1/2-1/2

[Event "Girls U12 Polish Youth Championship"]
[Site "chess24.com"]
[Date "2018.04.30"]
[Round "2"]
[White "Wieczorek, Julia"]
[Black "Szymajda, Karolina"]
[Result "1/2-1/2"]
[Board "21"]
[WhiteElo "1086"]
[WhiteCountry "POL"]
[WhiteFideId "21853363"]
[WhiteEloChange "4"]
[BlackElo "1215"]
[BlackCountry "POL"]
[BlackFideId "21836566"]
[BlackEloChange "-4"]

1. e4 {[%clk 1:30:55]} c5 {[%clk 1:30:55]} 2. Nc3 {[%clk 1:31:11]} e6 {[%clk
1:31:18]} 3. Nf3 {[%clk 1:20:22]} d5 {[%clk 1:31:23]} 4. exd5 {[%clk 1:19:25]}
exd5 {[%clk 1:31:37]} 5. Bb5+ {[%clk 1:09:09]} Nc6 {[%clk 1:31:35]} 6. Qe2+
{[%clk 1:07:52]} Be6 {[%clk 1:31:45]} 7. Ne5 {[%clk 1:06:13]} Ne7 {[%clk
1:24:54]} 8. Nxc6 {[%clk 0:51:01]} Nxc6 {[%clk 1:24:52]} 9. O-O {[%clk 0:49:00]}
Be7 {[%clk 1:20:06]} 10. d3 {[%clk 0:39:47]} O-O {[%clk 1:20:01]} 11. Bxc6 {[%clk
0:38:51]} bxc6 {[%clk 1:20:21]} 12. Qf3 {[%clk 0:32:22]} d4 {[%clk 1:17:49]} 13.
Ne2 {[%clk 0:27:05]} Bd5 {[%clk 1:16:17]} 14. Qg3 {[%clk 0:24:35]} Bh4 {[%clk
1:03:37]} 15. Qg4 {[%clk 0:18:01]} Be6 {[%clk 0:47:42]} 16. Qe4 {[%clk 0:09:40]}
Re8 {[%clk 0:41:32]} 17. Nf4 {[%clk 0:04:23]} Bd5 {[%clk 0:33:20]} 18. Qf5 {[%clk
0:03:44]} Qf6 {[%clk 0:26:47]} 19. Qxf6 {[%clk 0:03:25]} Bxf6 {[%clk 0:27:05]}
20. c4 {[%clk 0:03:36]} dxc3 {[%clk 0:27:24]} 21. Nxd5 {[%clk 0:03:11]} cxd5
{[%clk 0:27:40]} 22. bxc3 {[%clk 0:03:15]} Bxc3 {[%clk 0:27:57]} 23. Rb1 {[%clk
0:03:35]} Re2 {[%clk 0:26:35]} 24. Ba3 {[%clk 0:03:20]} Rc8 {[%clk 0:25:49]} 25.
Bxc5 {[%clk 0:03:23]} Rxa2 {[%clk 0:25:51]} 26. Rfc1 {[%clk 0:03:01]} Bd2 {[%clk
0:23:46]} 27. Rd1 {[%clk 0:02:02]} h6 {[%clk 0:21:52]} 28. Bxa7 {[%clk 0:02:22]}
Rxa7 {[%clk 0:22:05]} 29. Rxd2 {[%clk 0:02:47]} Rac7 {[%clk 0:21:48]} 30. Rdd1
{[%clk 0:03:04]} Re7 {[%clk 0:20:28]} 31. Re1 {[%clk 0:03:13]} Rxe1+ {[%clk
0:20:27]} 32. Rxe1 {[%clk 0:03:39]} Kf8 {[%clk 0:20:24]} 33. g3 {[%clk 0:03:53]}
Re8 {[%clk 0:20:48]} 34. Rxe8+ {[%clk 0:03:31]} Kxe8 {[%clk 0:21:12]} 35. f4
{[%clk 0:03:57]} Ke7 {[%clk 0:21:20]} 36. Kf2 {[%clk 0:04:22]} 1/2-1/2

[Event "Girls U12 Polish Youth Championship"]
[Site "chess24.com"]
[Date "2018.04.30"]
[Round "2"]
[White "Skolska, Emilia"]
[Black "Brelinska, Matylda"]
[Result "1-0"]
[Board "22"]
[WhiteElo "1211"]
[WhiteCountry "POL"]
[WhiteFideId "21883645"]
[WhiteEloChange "6"]
[BlackElo "1051"]
[BlackCountry "POL"]
[BlackFideId "21861072"]
[BlackEloChange "-6"]

1. e4 {[%clk 1:30:59]} e5 {[%clk 1:30:56]} 2. Nf3 {[%clk 1:31:24]} Nc6 {[%clk
1:31:21]} 3. d4 {[%clk 1:31:49]} exd4 {[%clk 1:31:47]} 4. Bc4 {[%clk 1:32:13]}
Nf6 {[%clk 1:32:02]} 5. O-O {[%clk 1:32:35]} Nxe4 {[%clk 1:32:24]} 6. Re1 {[%clk
1:32:56]} d5 {[%clk 1:32:27]} 7. Bxd5 {[%clk 1:33:17]} Qxd5 {[%clk 1:31:33]} 8.
Nc3 {[%clk 1:33:39]} Qh5 {[%clk 1:31:14]} 9. Nxe4 {[%clk 1:33:38]} Be6 {[%clk
1:30:17]} 10. Nxd4 {[%clk 1:29:16]} Qxd1 {[%clk 1:30:08]} 11. Rxd1 {[%clk
1:26:30]} O-O-O {[%clk 1:30:24]} 12. Be3 {[%clk 1:26:48]} f5 {[%clk 1:29:39]} 13.
Nxe6 {[%clk 1:26:42]} Rxd1+ {[%clk 1:29:49]} 14. Rxd1 {[%clk 1:27:01]} fxe4
{[%clk 1:30:06]} 15. Bf4 {[%clk 1:25:24]} Be7 {[%clk 1:27:15]} 16. Bxc7 {[%clk
1:21:51]} Bf6 {[%clk 1:24:03]} 17. Bg3 {[%clk 1:20:37]} Bxb2 {[%clk 1:23:45]} 18.
Nc5 {[%clk 1:18:56]} Re8 {[%clk 1:23:44]} 19. Rb1 {[%clk 1:18:51]} Bd4 {[%clk
1:23:03]} 20. Nxb7 {[%clk 1:18:46]} Kd7 {[%clk 1:21:08]} 21. Nd6 {[%clk 1:16:30]}
Re6 {[%clk 1:16:48]} 22. Rb7+ {[%clk 1:15:40]} Kd8 {[%clk 1:15:56]} 23. Bh4+
{[%clk 1:08:38]} Bf6 {[%clk 1:15:54]} 24. Bxf6+ {[%clk 1:09:01]} Rxf6 {[%clk
1:15:11]} 25. Nxe4 {[%clk 1:09:10]} Re6 {[%clk 1:15:18]} 26. f3 {[%clk 1:09:31]}
Ke8 {[%clk 1:12:16]} 27. Rxg7 {[%clk 1:08:41]} Nb4 {[%clk 1:12:20]} 28. Rxa7
{[%clk 1:08:26]} Nxc2 {[%clk 1:10:41]} 29. Rxh7 {[%clk 1:07:03]} Nb4 {[%clk
1:10:09]} 30. a4 {[%clk 1:06:57]} Nd3 {[%clk 1:09:52]} 31. g4 {[%clk 1:06:42]}
Nf4 {[%clk 1:09:45]} 32. h4 {[%clk 1:06:31]} Nh3+ {[%clk 1:09:48]} 33. Kg2 {[%clk
1:06:29]} Nf4+ {[%clk 1:10:09]} 34. Kg3 {[%clk 1:06:46]} Ne2+ {[%clk 1:10:23]}
35. Kf2 {[%clk 1:06:59]} Nf4 {[%clk 1:10:26]} 36. g5 {[%clk 1:05:55]} Nd3+ {[%clk
1:09:30]} 37. Kg3 {[%clk 1:06:01]} Kf8 {[%clk 1:09:01]} 38. h5 {[%clk 1:06:03]}
Kg8 {[%clk 1:04:39]} 39. Rc7 {[%clk 1:03:48]} Nb4 {[%clk 1:02:20]} 40. h6 {[%clk
1:03:47]} Nd5 {[%clk 1:00:12]} 41. Rb7 {[%clk 1:03:37]} Kh8 {[%clk 0:58:34]} 42.
Kg4 {[%clk 1:02:19]} Ne3+ {[%clk 0:58:00]} 43. Kf4 {[%clk 1:01:27]} Nd5+ {[%clk
0:58:09]} 44. Kf5 {[%clk 1:01:37]} Rc6 {[%clk 0:58:19]} 45. g6 {[%clk 1:01:25]}
Nb6 {[%clk 0:54:24]} 46. Rb8+ {[%clk 1:00:28]} Nc8 {[%clk 0:54:15]} 47. Nd6
{[%clk 1:00:35]} Rc5+ {[%clk 0:54:12]} 48. Kf6 {[%clk 1:00:27]} Rc6 {[%clk
0:54:26]} 49. Rxc8+ {[%clk 1:00:34]} Rxc8 {[%clk 0:54:44]} 50. Nxc8 {[%clk
1:00:59]} Kg8 {[%clk 0:55:09]} 51. Ne7+ {[%clk 1:01:12]} Kh8 {[%clk 0:55:25]} 52.
g7+ {[%clk 1:01:25]} Kh7 {[%clk 0:55:41]} 53. g8R {[%clk 1:01:35]} Kxh6 {[%clk
0:56:01]} 54. Rh8# {[%clk 1:01:54]} 1-0

[Event "Girls U12 Polish Youth Championship"]
[Site "chess24.com"]
[Date "2018.04.30"]
[Round "2"]
[White "Golinska, Patrycja"]
[Black "Garbowska, Maja"]
[Result "0-1"]
[Board "23"]
[WhiteElo "1056"]
[WhiteCountry "POL"]
[WhiteFideId "21836744"]
[WhiteEloChange "-6"]
[BlackElo "1207"]
[BlackCountry "POL"]
[BlackFideId "21816573"]
[BlackEloChange "6"]

1. e4 {[%clk 1:30:58]} e5 {[%clk 1:30:55]} 2. Nf3 {[%clk 1:31:23]} Nc6 {[%clk
1:31:17]} 3. Bb5 {[%clk 1:31:45]} a6 {[%clk 1:31:29]} 4. Ba4 {[%clk 1:31:56]} Nf6
{[%clk 1:31:36]} 5. O-O {[%clk 1:30:59]} b5 {[%clk 1:31:54]} 6. Bb3 {[%clk
1:31:14]} Be7 {[%clk 1:32:11]} 7. c3 {[%clk 1:31:27]} O-O {[%clk 1:30:19]} 8. Bc2
{[%clk 1:31:16]} d6 {[%clk 1:30:30]} 9. d4 {[%clk 1:30:30]} Bg4 {[%clk 1:29:22]}
10. Re1 {[%clk 1:28:06]} Bxf3 {[%clk 1:29:12]} 11. Qxf3 {[%clk 1:26:50]} exd4
{[%clk 1:28:44]} 12. Bg5 {[%clk 1:26:22]} Ne5 {[%clk 1:25:59]} 13. Qh3 {[%clk
1:25:17]} dxc3 {[%clk 1:23:32]} 14. Nxc3 {[%clk 1:25:23]} Ng6 {[%clk 1:20:32]}
15. b3 {[%clk 1:24:27]} Qd7 {[%clk 1:19:48]} 16. Qg3 {[%clk 1:23:14]} Nh5 {[%clk
1:16:45]} 17. Qe3 {[%clk 1:22:51]} f6 {[%clk 1:15:11]} 18. e5 {[%clk 1:18:56]}
fxg5 {[%clk 1:13:51]} 19. Bxg6 {[%clk 1:18:31]} hxg6 {[%clk 1:13:12]} 20. exd6
{[%clk 1:18:03]} Bxd6 {[%clk 1:13:14]} 21. Qxg5 {[%clk 1:17:00]} Qf7 {[%clk
1:10:43]} 22. Re2 {[%clk 1:15:50]} Rae8 {[%clk 1:10:34]} 23. Rae1 {[%clk
1:15:32]} Bb4 {[%clk 1:09:28]} 24. Qd2 {[%clk 1:12:24]} Rxe2 {[%clk 1:07:43]} 25.
Rxe2 {[%clk 1:11:52]} Re8 {[%clk 1:07:06]} 26. Rxe8+ {[%clk 1:09:29]} Qxe8 {[%clk
1:07:09]} 27. Qd5+ {[%clk 1:06:58]} Kh7 {[%clk 1:07:16]} 28. Ne4 {[%clk 1:06:57]}
Be7 {[%clk 1:03:14]} 29. Qe6 {[%clk 1:06:46]} Qd8 {[%clk 1:02:17]} 30. g3 {[%clk
1:04:56]} Bh4 {[%clk 0:58:43]} 31. Qh3 {[%clk 1:02:30]} Be7 {[%clk 0:52:18]} 32.
g4 {[%clk 1:02:20]} Qd5 {[%clk 0:50:42]} 33. gxh5 {[%clk 1:00:33]} Qxe4 {[%clk
0:50:38]} 34. hxg6+ {[%clk 1:00:17]} Kxg6 {[%clk 0:50:56]} 35. Qg3+ {[%clk
1:00:23]} Kf6 {[%clk 0:50:24]} 36. f3 {[%clk 1:00:30]} Qg6 {[%clk 0:50:16]} 37.
Qxg6+ {[%clk 1:00:33]} Kxg6 {[%clk 0:50:41]} 38. Kf2 {[%clk 1:00:52]} Kf5 {[%clk
0:50:46]} 39. Ke3 {[%clk 1:00:57]} Bc5+ {[%clk 0:50:57]} 40. Kd3 {[%clk 1:00:30]}
Kf4 {[%clk 0:51:04]} 41. Ke2 {[%clk 1:00:39]} g5 {[%clk 0:51:05]} 42. h3 {[%clk
1:00:37]} Kg3 {[%clk 0:51:17]} 43. Kf1 {[%clk 1:00:19]} Kxf3 {[%clk 0:51:31]} 44.
Ke1 {[%clk 1:00:34]} Kg2 {[%clk 0:51:45]} 45. Kd2 {[%clk 1:00:52]} Kxh3 {[%clk
0:52:02]} 46. Kd3 {[%clk 1:00:59]} g4 {[%clk 0:52:21]} 47. Ke4 {[%clk 1:01:06]}
g3 {[%clk 0:52:38]} 48. Kd5 {[%clk 1:01:31]} g2 {[%clk 0:52:39]} 49. Kxc5 {[%clk
1:01:47]} g1Q+ {[%clk 0:52:47]} 50. Kc6 {[%clk 1:02:10]} Qa1 {[%clk 0:52:53]} 51.
Kxc7 {[%clk 1:02:28]} Qxa2 {[%clk 0:53:12]} 52. b4 {[%clk 1:02:53]} Qc4+ {[%clk
0:53:34]} 53. Kb7 {[%clk 1:03:13]} Qxb4 {[%clk 0:53:48]} 54. Kxa6 {[%clk
1:03:28]} Qc4 {[%clk 0:54:05]} 55. Kb6 {[%clk 1:03:48]} b4 {[%clk 0:54:17]} 56.
Ka5 {[%clk 1:04:09]} b3 {[%clk 0:54:38]} 57. Kb6 {[%clk 1:04:24]} Qc2 {[%clk
0:54:47]} 58. Ka6 {[%clk 1:04:46]} b2 {[%clk 0:55:06]} 59. Ka5 {[%clk 1:04:58]}
b1R {[%clk 0:55:13]} 60. Ka6 {[%clk 1:05:15]} Qa2# {[%clk 0:55:40]} 0-1

[Event "Girls U12 Polish Youth Championship"]
[Site "chess24.com"]
[Date "2018.04.30"]
[Round "2"]
[White "Tim, Anna"]
[Black "Sivickis, Kornelia"]
[Result "1/2-1/2"]
[Board "25"]
[WhiteElo "1189"]
[WhiteCountry "POL"]
[WhiteFideId "21861633"]
[WhiteEloChange "-4"]
[BlackElo "1026"]
[BlackCountry "POL"]
[BlackFideId "21836531"]
[BlackEloChange "4"]

1. d4 {[%clk 1:30:56]} d5 {[%clk 1:30:55]} 2. c4 {[%clk 1:31:17]} c6 {[%clk
1:31:16]} 3. Nc3 {[%clk 1:31:35]} dxc4 {[%clk 1:31:26]} 4. e3 {[%clk 1:31:40]} b5
{[%clk 1:31:42]} 5. Nxb5 {[%clk 1:31:31]} cxb5 {[%clk 1:32:03]} 6. Qf3 {[%clk
1:31:44]} Qc7 {[%clk 1:31:58]} 7. Qxa8 {[%clk 1:25:10]} Bb7 {[%clk 1:32:17]} 8.
Qxa7 {[%clk 1:24:40]} e5 {[%clk 1:32:34]} 9. Bxc4 {[%clk 1:19:11]} bxc4 {[%clk
1:32:42]} 10. Qa4+ {[%clk 1:19:29]} Nd7 {[%clk 1:19:02]} 11. f3 {[%clk 1:18:20]}
c3 {[%clk 1:18:38]} 12. Ne2 {[%clk 1:16:35]} cxb2 {[%clk 1:07:33]} 13. Bxb2
{[%clk 1:16:27]} Bd6 {[%clk 1:05:45]} 14. dxe5 {[%clk 1:09:50]} Bxe5 {[%clk
1:05:58]} 15. Bxe5 {[%clk 1:10:08]} Qxe5 {[%clk 1:05:05]} 16. Rd1 {[%clk
1:10:13]} Nf6 {[%clk 1:03:51]} 17. Qd4 {[%clk 1:10:13]} Qxd4 {[%clk 0:59:00]} 18.
Nxd4 {[%clk 1:05:47]} O-O {[%clk 0:58:10]} 19. O-O {[%clk 1:03:05]} Nd5 {[%clk
0:50:31]} 20. Nc2 {[%clk 0:55:04]} Nc5 {[%clk 0:47:20]} 21. Ra1 {[%clk 0:47:19]}
Nc3 {[%clk 0:47:07]} 22. Nd4 {[%clk 0:46:31]} Ne6 {[%clk 0:36:59]} 23. Nxe6
{[%clk 0:44:18]} fxe6 {[%clk 0:37:18]} 24. a4 {[%clk 0:44:28]} Ra8 {[%clk
0:35:52]} 25. a5 {[%clk 0:44:32]} Kf7 {[%clk 0:31:48]} 26. Kf2 {[%clk 0:43:58]}
Ke7 {[%clk 0:32:07]} 27. Rfc1 {[%clk 0:44:18]} Nb5 {[%clk 0:31:45]} 28. g4 {[%clk
0:35:24]} Kd6 {[%clk 0:31:34]} 29. Rd1+ {[%clk 0:35:07]} Ke7 {[%clk 0:31:54]} 30.
h4 {[%clk 0:34:45]} h6 {[%clk 0:31:49]} 31. f4 {[%clk 0:30:46]} g6 {[%clk
0:31:31]} 32. h5 {[%clk 0:26:33]} gxh5 {[%clk 0:31:31]} 33. gxh5 {[%clk 0:26:33]}
1/2-1/2

[Event "Girls U12 Polish Youth Championship"]
[Site "chess24.com"]
[Date "2018.04.30"]
[Round "2"]
[White "Ziegert, Krystyna"]
[Black "Wichura, Sara"]
[Result "0-1"]
[Board "26"]
[WhiteElo "1001"]
[WhiteCountry "POL"]
[WhiteFideId "21861080"]
[WhiteEloChange "-5"]
[BlackElo "1179"]
[BlackCountry "POL"]
[BlackFideId "21816670"]
[BlackEloChange "5"]

1. e4 {[%clk 1:30:58]} c5 {[%clk 1:30:54]} 2. Nf3 {[%clk 1:31:19]} Nc6 {[%clk
1:31:18]} 3. d4 {[%clk 1:31:38]} cxd4 {[%clk 1:31:41]} 4. Nxd4 {[%clk 1:32:00]}
Nf6 {[%clk 1:30:12]} 5. Nc3 {[%clk 1:32:08]} d6 {[%clk 1:30:37]} 6. Be2 {[%clk
1:31:45]} e6 {[%clk 1:26:27]} 7. Be3 {[%clk 1:29:26]} Be7 {[%clk 1:26:37]} 8. O-O
{[%clk 1:28:33]} a6 {[%clk 1:26:54]} 9. a4 {[%clk 1:28:26]} O-O {[%clk 1:26:18]}
10. f4 {[%clk 1:28:42]} Qa5 {[%clk 1:17:42]} 11. Bf3 {[%clk 1:27:36]} Nxd4 {[%clk
1:12:39]} 12. Qxd4 {[%clk 1:21:29]} e5 {[%clk 1:05:36]} 13. fxe5 {[%clk 1:14:43]}
dxe5 {[%clk 0:55:59]} 14. Qb6 {[%clk 1:05:34]} Qxb6 {[%clk 0:52:21]} 15. Bxb6
{[%clk 1:05:32]} Bd8 {[%clk 0:52:36]} 16. Bxd8 {[%clk 1:00:33]} Rxd8 {[%clk
0:53:00]} 17. Rad1 {[%clk 1:00:52]} Be6 {[%clk 0:51:39]} 18. Rf2 {[%clk 0:54:44]}
Rxd1+ {[%clk 0:50:54]} 19. Nxd1 {[%clk 0:52:40]} Rd8 {[%clk 0:51:19]} 20. Nc3
{[%clk 0:51:55]} Ng4 {[%clk 0:46:51]} 21. Rf1 {[%clk 0:50:22]} Ne3 {[%clk
0:46:16]} 22. Re1 {[%clk 0:50:10]} Nxc2 {[%clk 0:45:41]} 23. Rd1 {[%clk 0:50:33]}
Rxd1+ {[%clk 0:45:34]} 24. Bxd1 {[%clk 0:50:18]} Ne3 {[%clk 0:45:16]} 25. Bf3
{[%clk 0:49:51]} Bb3 {[%clk 0:44:35]} 26. Kf2 {[%clk 0:47:52]} Nc4 {[%clk
0:45:00]} 27. Bd1 {[%clk 0:47:39]} Bxd1 {[%clk 0:42:15]} 28. Nxd1 {[%clk
0:47:58]} f6 {[%clk 0:42:10]} 29. Ke2 {[%clk 0:47:31]} Kf7 {[%clk 0:42:26]} 30.
Kd3 {[%clk 0:47:39]} Nd6 {[%clk 0:42:48]} 31. Nc3 {[%clk 0:47:43]} Ke6 {[%clk
0:42:50]} 32. g4 {[%clk 0:45:20]} g6 {[%clk 0:43:07]} 33. Nd1 {[%clk 0:44:31]} f5
{[%clk 0:43:08]} 34. gxf5+ {[%clk 0:44:33]} gxf5 {[%clk 0:43:32]} 35. exf5+
{[%clk 0:44:49]} Kxf5 {[%clk 0:43:53]} 36. Ne3+ {[%clk 0:45:02]} Kf4 {[%clk
0:42:50]} 37. Ng2+ {[%clk 0:44:51]} Kf3 {[%clk 0:41:49]} 38. Ne1+ {[%clk
0:44:17]} Kf2 {[%clk 0:42:01]} 39. Kd2 {[%clk 0:43:26]} Nc4+ {[%clk 0:41:42]} 40.
Kd1 {[%clk 0:43:28]} Nxb2+ {[%clk 0:42:00]} 41. Kd2 {[%clk 0:43:43]} e4 {[%clk
0:41:45]} 42. a5 {[%clk 0:43:32]} e3+ {[%clk 0:42:07]} 43. Kc2 {[%clk 0:43:42]}
Kxe1 {[%clk 0:42:28]} 44. Kxb2 {[%clk 0:44:00]} Kd2 {[%clk 0:42:48]} 45. h4
{[%clk 0:44:11]} e2 {[%clk 0:43:12]} 46. h5 {[%clk 0:44:27]} e1Q {[%clk 0:43:36]}
47. h6 {[%clk 0:44:53]} Qc1+ {[%clk 0:43:29]} 48. Kb3 {[%clk 0:44:56]} Qc3+
{[%clk 0:42:39]} 49. Ka4 {[%clk 0:45:18]} Qc4+ {[%clk 0:42:49]} 50. Ka3 {[%clk
0:45:34]} Qb5 {[%clk 0:43:14]} 51. Ka2 {[%clk 0:45:54]} Kc2 {[%clk 0:43:39]} 52.
Ka1 {[%clk 0:45:56]} Qb2# {[%clk 0:44:00]} 0-1